| 000 | 00813nam a2200217 i 4500 | ||
|---|---|---|---|
| 001 | 85799 | ||
| 003 | ES-MaACL | ||
| 005 | 20230906175319.0 | ||
| 007 | t| | ||
| 008 | 041201s1977 sp ||||1| spa d | ||
| 100 | 1 |
_aJunquera de Vega, Paulina. _9147684 |
|
| 245 | 1 | 0 |
_aMonasterio de las Descalzas Reales / _ccomentarios y notas por P. Junquera de Vega y Mª Teresa Ruíz Alcón . Real Monasterio de la Encarnación de Agustinas Recoletas / notas por Angel Oliveras Guart. |
| 260 |
_aMadrid : _bPatrimonio Nacional, _c[1977] |
||
| 300 |
_a140 p., 35 lám. ; _c17 cm. |
||
| 490 | 1 | _aGuías turísticas | |
| 700 | 1 |
_aRuiz Alcón, María Teresa. _9100643 |
|
| 700 | 1 |
_aOliveras Guart, Angel. _986863 |
|
| 830 | 0 |
_aGuías turísticas _9182719 |
|
| 852 |
_aES-MaACL _jL-5543 _bR.106011 |
||
| 999 |
_c85799 _d85799 |
||